Mecánica de materiales
Sábháilte in:
| Príomhchruthaitheoir: | |
|---|---|
| Formáid: | LEABHAR |
| Teanga: | Spáinnis |
| Foilsithe / Cruthaithe: |
Ciudad de México
Prentice Hall
1998
|
| Ábhair: | |
| Clibeanna: |
Cuir clib leis
Níl clibeanna ann, Bí ar an gcéad duine le clib a chur leis an taifead seo!
|
MARC
| LEADER | 00000cam a2200000 a 4500 | ||
|---|---|---|---|
| 001 | UCP6053 | ||
| 003 | CL-VaPUC | ||
| 008 | 991008e19980000MX |||||||||||||||||spa|d | ||
| 020 | |a 9701701216 | ||
| 082 | 0 | 4 | |a 620.1123 |b HIB |2 21 |
| 100 | |a Hibbeler, Russell C |e author |9 591026 | ||
| 245 | 1 | 0 | |a Mecánica de materiales |
| 300 | |a 854 p | ||
| 942 | |c BK | ||
| 945 | |d 19991008 00:00:00 |a rbrito | ||
| 260 | |a Ciudad de México |b Prentice Hall |c 1998 | ||
| 650 | 0 | |a Mecánica de los materiales |9 434867 | |
| 650 | 0 | |a Carga axial |9 418457 | |
| 650 | 0 | |a Torsión |9 266757 | |
| 650 | 0 | |a Vigas |9 363949 | |
| 650 | 0 | |a Análisis de materiales |9 434869 | |
| 650 | 0 | |a Estática |9 260452 | |
| 583 | |a last modification |c 20160303 05:36:38 |k Rodrigo Vera | ||
| 999 | |c 283681 |d 283679 | ||
| 952 | |0 0 |1 0 |2 ddc |4 0 |6 620_112300000000000_HIB_1998 |7 0 |8 A |9 327047 |a BIBMEC |b BIBMEC |d 2019-11-20 |i 356939K |o 620.1123 HIB 1998 |p 356939K |r 2024-01-19 |w 2019-11-20 |y BK_P |k MEC | ||
| 952 | |0 0 |1 0 |2 ddc |4 0 |6 620_112300000000000_HIB_1998 |7 0 |8 A |9 327048 |a BIBMEC |b BIBMEC |d 2019-11-20 |i 3612074 |o 620.1123 HIB 1998 |p 3612074 |r 2024-01-19 |w 2019-11-20 |y BK_P |k MEC | ||
| 952 | |0 0 |1 0 |2 ddc |4 0 |6 620_112300000000000_HIB_1998 |7 0 |8 A |9 327049 |a BIBMEC |b BIBMEC |d 2019-11-20 |i 3612082 |o 620.1123 HIB 1998 |p 3612082 |r 2024-01-19 |w 2019-11-20 |y BK_P |k MEC | ||
| 952 | |0 0 |1 0 |2 ddc |4 0 |6 620_112300000000000_HIB_1998 |7 0 |8 A |9 327050 |a BIBMEC |b BIBMEC |d 2019-11-20 |i 3612481 |o 620.1123 HIB 1998 |p 3612481 |r 2024-01-19 |w 2019-11-20 |y BK_P |k MEC | ||
| 952 | |0 0 |1 0 |2 ddc |4 0 |6 620_112300000000000_HIB_1998 |7 0 |8 A |9 327051 |a BIBMEC |b BIBMEC |d 2019-11-20 |i 361249K |o 620.1123 HIB 1998 |p 361249K |r 2024-01-19 |w 2019-11-20 |y BK_P |k MEC | ||
| 952 | |0 0 |1 0 |2 ddc |4 0 |6 620_112300000000000_HIB_1998 |7 0 |8 A |9 327052 |a BIBMEC |b BIBMEC |d 2019-11-20 |i 3632393 |o 620.1123 HIB 1998 |p 3632393 |r 2024-01-19 |w 2019-11-20 |y BK_P |k MEC | ||
| 952 | |0 0 |1 0 |4 0 |6 620_112300000000000_HIB_1998 |7 0 |8 R |9 327054 |a BIBMEC |b BIBMEC |d 2019-11-20 |i 3650480 |o 620.1123 HIB 1998 |p 3650480 |r 2019-11-20 |w 2019-11-20 |y BK_R |k MEC | ||
| 952 | |0 0 |1 0 |2 ddc |4 0 |6 620_112300000000000_HIB_1998 |7 0 |8 A |9 327055 |a BIBMEC |b BIBMEC |d 2019-11-20 |i 3650499 |o 620.1123 HIB 1998 |p 3650499 |r 2024-01-19 |w 2019-11-20 |y BK_P |k MEC | ||
| 952 | |0 0 |1 0 |2 ddc |4 0 |6 620_112300000000000_HIB_1998 |7 0 |8 A |9 327056 |a BIBMEC |b BIBMEC |d 2019-11-20 |i 3650502 |o 620.1123 HIB 1998 |p 3650502 |r 2024-01-19 |w 2019-11-20 |y BK_P |k MEC | ||
| 952 | |0 0 |1 0 |2 ddc |4 0 |6 620_112300000000000_HIB_1998 |7 0 |8 P |9 327058 |a BIBARQ |b BIBARQ |d 2019-11-20 |i 3816737 |l 3 |o 620.1123 HIB 1998 |p 3816737 |r 2025-01-20 |s 2023-03-27 |w 2019-11-20 |y BK |k ARQ | ||
| 952 | |0 0 |1 0 |2 ddc |4 0 |6 620_112300000000000_HIB_1998 |7 0 |8 P |9 327059 |a BIBARQ |b BIBARQ |d 2019-11-20 |i 3816745 |l 10 |m 1 |o 620.1123 HIB 1998 |p 3816745 |r 2025-01-20 |s 2022-08-25 |w 2019-11-20 |y BK |k ARQ | ||
| 952 | |0 0 |1 0 |2 ddc |4 0 |6 620_112300000000000_HIB_1998 |7 0 |8 A |9 327060 |a BIBMEC |b BIBMEC |d 2019-11-20 |i 3913120 |o 620.1123 HIB 1998 |p 3913120 |r 2024-01-19 |w 2019-11-20 |y BK_P |k MEC | ||
| 952 | |0 0 |1 0 |2 ddc |4 0 |6 620_112300000000000_HIB_1998 |7 0 |8 A |9 327061 |a BIBMEC |b BIBMEC |d 2019-11-20 |i 3913961 |o 620.1123 HIB 1998 |p 3913961 |r 2024-01-19 |w 2019-11-20 |y BK_P |k MEC | ||
| 952 | |0 0 |1 0 |2 ddc |4 0 |6 620_112300000000000_HIB_1998 |7 0 |8 A |9 327063 |a BIBMEC |b BIBMEC |d 2019-11-20 |i 3913988 |o 620.1123 HIB 1998 |p 3913988 |r 2024-01-19 |w 2019-11-20 |y BK_P |k MEC | ||
| 952 | |0 0 |1 0 |2 ddc |4 0 |6 620_112300000000000_HIB_1998 |7 0 |8 A |9 327064 |a BIBMEC |b BIBMEC |d 2019-11-20 |i 3913996 |o 620.1123 HIB 1998 |p 3913996 |r 2024-01-19 |w 2019-11-20 |y BK_P |k MEC | ||
| 952 | |0 0 |1 0 |2 ddc |4 0 |6 620_112300000000000_HIB_1998 |7 0 |8 A |9 327065 |a BIBMEC |b BIBMEC |d 2019-11-20 |i 3914003 |o 620.1123 HIB 1998 |p 3914003 |r 2024-01-19 |w 2019-11-20 |y BK_P |k MEC | ||
| 952 | |0 0 |1 0 |4 0 |6 620_112300000000000_HIB_1998 |7 0 |8 A |9 327071 |a BIBING |b BIBING |d 2019-11-20 |i 3975215 |o 620.1123 HIB 1998 |p 3975215 |r 2025-01-20 |w 2019-11-20 |y BK |k EIQ | ||
| 952 | |0 0 |1 0 |3 erb |4 0 |6 620_112300000000000_HIB_1998 |7 0 |8 A |9 327072 |a BIBING |b BIBING |i 5265770 |o 620.1123 HIB 1998 |p 5265770 |r 2025-01-20 |w 2019-11-20 |y BK |z Catalogado en:20160303 |k EIQ | ||